000 00660nam a2200181Ia 4500
003 GCL
008 140319s9999 xx 000 0 ara d
040 _aGCL /
_cGCL
082 0 4 _a792.9
_bس ف
100 1 _aسانشيث، جوزيه انطونيو
245 1 0 _aفن مسرحة الصورة /
_cسانشيث، جوزيه انطونيو
260 _aالقاهرة :
_bوزارة الثقافة - مهرجان القاهرة الدولى للمسرح التجريبى ،
_c2004
300 _a315 ص ؛
_c24 سم
650 0 4 _aالمسرح التجريبى
650 0 4 _aالتمثيل الصامت
650 0 4 _aالمسرح - عروض
942 _2ddc
_cBK
999 _c7171
_d7171